NFL Logo to State - Statistics

General Stats
  • This quiz has been taken 100 times
  • The average score is 28 of 32
Answer Stats
Picture Answer % Correct
Florida
100%
Texas
94%
Florida
93%
Minnesota
93%
New York
93%
Texas
93%
Florida
92%
Tennessee
90%
Arizona
89%
Georgia
89%
California
88%
Indiana
88%
Maryland
88%
Wisconsin
88%
Colorado
87%
North Carolina
87%
Washington
87%
Michigan
86%
New York
86%
Ohio
86%
California
85%
Washington D.C.
85%
Pennsylvania
83%
Pennsylvania
83%
New York
82%
California
81%
Ohio
81%
Massachusetts
80%
Illinois
79%
Nevada
77%
Louisiana
76%
Missouri
76%
No matching quizzes found
Score Distribution
Percent of People with Each Score
Percentile by Number Answered
Your Score History
You have not taken this quiz